История всемирной литературы. Т. 3. Вып. 6. [Разд. 4: Литературы Западной Европы и Америки (Запись № 7156818)

Подробности
000 -МАРКЕР
контрольное поле 01751nam2a22003131 4500
001 - ИДЕНТИФИКАТОР ЗАПИСИ
контрольное поле rc\3366711
005 - ИДЕНТИФИКАТОР ВЕРСИИ
контрольное поле 20260406091406.0
021 ## - НОМЕР ГОСУДАРСТВЕННОЙ РЕГИСТРАЦИИ
Код страны российская федерация
Номер 73-67894
021 ## - НОМЕР ГОСУДАРСТВЕННОЙ РЕГИСТРАЦИИ
Код страны российская федерация
Номер 73-67896
021 ## - НОМЕР ГОСУДАРСТВЕННОЙ РЕГИСТРАЦИИ
Код страны российская федерация
Номер Рг13526-73
035 ## - ДРУГИЕ СИСТЕМНЫЕ НОМЕРА
Идентификатор записи (NLR Aleph) 007445077
100 ## - ДАННЫЕ ОБЩЕЙ ОБРАБОТКИ
Данные общей обработки 20130115d1973 |||y0rusy50 ca
101 0# - ЯЗЫК РЕСУРСА
Язык текста, звукозаписи и т.д. русский
102 ## - СТРАНА ПУБЛИКАЦИИ ИЛИ ПРОИЗВОДСТВА
Страна публикации российская федерация
105 ## - ПОЛЕ КОДИРОВАННЫХ ДАННЫХ: ТЕКСТОВЫЕ МАТЕРИАЛЫ, МОНОГРАФИЧЕСКИЕ
Кодированные данные о монографическом текстовом документе y z |||||
200 1# - ЗАГЛАВИЕ И СВЕДЕНИЯ ОБ ОТВЕТСТВЕННОСТИ
Основное заглавие Литературы Западной Европы и Америки
210 ## - ПУБЛИКАЦИЯ, РАСПРОСТРАНЕНИЕ И ДР.
Дата издания, распространения и т.д. 1973
215 ## - ФИЗИЧЕСКАЯ ХАРАКТЕРИСТИКА
Специфическое обозначение материала и объем 215 с.
423 #0 - ИЗДАЕТСЯ В ОДНОЙ ОБЛОЖКЕ ВМЕСТЕ С ...
Встроенное поле 1010#$arus
-- 2001#$aРазд. 5. Литература Далмации, Западных славян и Венгрии]$f[Ред. коллегия: Н.И. Балашов (отв. ред.)] [и др.]
Заглавие Разд. 5. Литература Далмации, Западных славян и Венгрии]
461 #0 - УРОВЕНЬ НАБОРА
Встроенное поле 001rc\3366705
-- 2001#$aИстория всемирной литературы$eДля обсуждения$eТ. 3-$fАН СССР. Ин-т мировой литературы имени А.М. Горького$vТ. 3. Вып. 6. [Разд. 4
Системный номер (АБИС) связанной записи 7156756
Место публикации Москва
Дата публикации 1973
Первые сведения об ответственности АН СССР. Ин-т мировой литературы имени А.М. Горького
Имя издателя, распространителя и т.д. Наука
Сведения, относящиеся к заглавию Для обсуждения : Т. 3-
Заглавие История всемирной литературы
Номер тома Т. 3. Вып. 6. [Разд. 4
517 0# - ДРУГИЕ ВАРИАНТЫ ЗАГЛАВИЯ
Вариант заглавия Литература Далмации, Западных славян и Венгрии
702 #1 - ИМЯ ЛИЦА - ВТОРИЧНАЯ ОТВЕТСТВЕННОСТЬ
Код отношения Редактор
Графика поля Кириллица
Материалы, к которым относится поле rus
Начальный элемент ввода Балашов
Часть имени, кроме начального элемента ввода Н. И.
Дополнения к именам, кроме дат д-р филол. наук
Даты 1919-2006
Расширение инициалов личного имени Николай Иванович
Идентификатор авторитетной/нормативной записи RU\NLR\AUTH\770281968
Системный номер авторитетной/нормативной записи 2669440
801 #0 - ИСТОЧНИК ЗАПИСИ
Страна российская федерация
Организация NLR
Правила каталогизации psbo
801 #1 - ИСТОЧНИК ЗАПИСИ
Страна российская федерация
Организация ELAR
Источник данных rusmarc
852 ## - МЕСТОНАХОЖДЕНИЕ И ШИФР ХРАНЕНИЯ
Идентификатор организации NLR
Шифр хранения (Call Number) 73-5/1441
942 ## - ДОПОЛНИТЕЛЬНЫЕ ЭЛЕМЕНТЫ ЗАПИСИ (АБИС)
Тип экземпляра АБИС Книга
980 ## - КОЛЛЕКЦИЯ
Название коллекции Национальная библиография
Экземпляры
Тип экземпляра Дата поступления Библиотека постоянного хранения Библиотека текущего хранения Место хранения Шифр хранения Штрих-код Статус не для выдачи
Книга 26.10.2013 РНБ (Московский) РНБ (Московский) Русский книжный фонд: издания с 1957 года, 9этаж, Хран. 73-5/1441 7445077-10